| 000 | 00557nam a2200157Ia 4500 | ||
|---|---|---|---|
| 008 | 170221s9999 xx 000 0 und d | ||
| 100 | _aAffoua Th´er`ese Aby | ||
| 245 | _aEfficient Flooding-Based Routing Protocol with Random Wake-Up for Very Low Duty-Cycle WSNs | ||
| 245 | _cAffoua Th´er`ese Aby, Alexandre Guitton, and Michel Misson. | ||
| 260 | _bJournal of Communications | ||
| 260 | _c2015 | ||
| 300 | _a10 : 6 | ||
| 650 | _xCommunication | ||
| 650 | _xMedia Arts | ||
| 856 | _uhttp://www.jocm.us/index.php?m=content&c=index&a=lists&catid=147 | ||
| 999 |
_c307013 _d307013 |
||